000 00626 a2200181 4500
999 _c7903
_d7903
020 _a9780136121565
050 0 0 _aHG 4027 EIT 2010
100 1 _aEiteman, David K.
_eauthor
245 1 0 _aMultinational business finance /
_cDavid K. Eiteman, Arthur I. Stonehill and Michael H. Moffett.
250 _a12th ed.
264 _aU.K. :
_bPearson Education Limited,
_c2010
300 _axviii, 63 p. :
_bill., maps ;
500 _aIncludes index
650 0 _aInternational business enterprises
_xFinance.
700 1 _aStonehill, Arthur I.
_eauthor
700 1 _aMoffett, Michael H.
_eauthor
942 _2lcc
_cBK
_e12th ed
_h4027
_iEIT
_kHG